Interconectividad de redes con TCP/IP : (Record no. 92234)
[ view plain ]
| 000 -CABECERA | |
|---|---|
| campo de control de longitud fija | 00951nam a2200277 a 4500 |
| 005 - FECHA Y HORA DE LA ÚLTIMA TRANSACCIÓN | |
| campo de control | 20250926063904.0 |
| 008 - ELEMENTOS DE LONGITUD FIJA--INFORMACIÓN GENERAL | |
| campo de control de longitud fija | 021002s2000 mx r 000 0 spa d |
| 020 ## - NÚMERO INTERNACIONAL NORMALIZADO PARA LIBROS | |
| Número Internacional Estándar del Libro | 9702600006 |
| 035 ## - NÚMERO DE CONTROL DEL SISTEMA | |
| Número de control de sistema | UPN01000119884 |
| 049 ## - COLECCIÓN | |
| Colección | CG |
| 050 #4 - SIGNATURA TOPOGRÁFICA DE LA BIBLIOTECA DEL CONGRESO | |
| Número de clasificación | TK5105.5 |
| Número de documento/Ítem | C6.58 2000 |
| 100 1# - ASIENTO PRINCIPAL--NOMBRE PERSONAL | |
| Nombre de persona | Comer, Douglas E. |
| 245 10 - MENCIÓN DE TÍTULO | |
| Título | Interconectividad de redes con TCP/IP : |
| Resto del título | volumen 2 : diseño e implementación / |
| Mención de responsabilidad, etc. | Douglas E. Comer, David L. Stevens ; tr. Sergio Kourchenko Barrena. |
| 250 ## - MENCIÓN DE EDICIÓN | |
| Mención de edición | 3a. ed. |
| 260 ## - PUBLICACIÓN, DISTRIBUCIÓN, ETC. | |
| Lugar de publicación, distribución, etc. | México : |
| Nombre del editor, distribuidor, etc. | Pearson Educación, |
| Fecha de publicación, distribución, etc. | 2000. |
| 300 ## - DESCRIPCIÓN FÍSICA | |
| Extensión | 660 p. |
| 500 ## - NOTA GENERAL | |
| Nota general | "Versión de C del ANSI" |
| 534 ## - NOTA SOBRE LA VERSIÓN ORIGINAL | |
| Frase introductoria | Traducción de: |
| Mención de título del original | Internetworking TCP/IP |
| 650 #4 - ASIENTO SECUNDARIO DE MATERIA - TERMINO TEMATICO | |
| Término de materia o nombre geográfico como elemento de entrada | TCP/IP (PROTOCOLO PARA REDES DE COMPUTADORAS) |
| 650 #4 - ASIENTO SECUNDARIO DE MATERIA - TERMINO TEMATICO | |
| Término de materia o nombre geográfico como elemento de entrada | Redes de computadoras |
| 9 (RLIN) | 15362 |
| 650 #4 - ASIENTO SECUNDARIO DE MATERIA - TERMINO TEMATICO | |
| Término de materia o nombre geográfico como elemento de entrada | INTERNETWORKING (TELECOMUNICACION) |
| 9 (RLIN) | 8978 |
| 700 1# - ASIENTO SECUNDARIO--NOMBRE DE PERSONAL | |
| Nombre de persona | Stevens, David L., |
| Término indicativo de función/relación | coaut. |
| 700 1# - ASIENTO SECUNDARIO--NOMBRE DE PERSONAL | |
| Nombre de persona | Kourchenko Barrena, Sergio, |
| Término indicativo de función/relación | tr. |
| 902 ## - ELEMENTOS DE DATOS B LOCAL, LDB (RLIN) | |
| Creó | BDV/BDV |
| 905 ## - TIPO DE MATERIAL | |
| Tipo de material | Libro |
| Estado de retiro | Estado de pérdida | Fuente del sistema de clasificación o colocación | Estado dañado | No para préstamo | Código de colección | Localización permanente | Ubicación/localización actual | Ubicación en estantería | Total de préstamos | Clasificación | Código de barras | Fecha visto por última vez | Número de copia | Tipo de ítem Koha |
|---|---|---|---|---|---|---|---|---|---|---|---|---|---|---|
| Library of Congress Classification | Colección General | Bib. Gregorio Torres Quintero | Bib. Gregorio Torres Quintero | Planta baja | 1 | TK5105.5 C6.58 2000 | 194753 | 31/12/2020 | 1 | Libro |
